Aplikácia štatistického prístupu a štatistických metód v audítorských postupoch

Pojmové vymedzenie auditu. Ciele, postupy a metódy auditu. Postup a prostriedky auditora na zabezpečenie cieľa auditu. Štatistický verzus neštatistický prístup k výberu vzorky v audite. Hlavné metódy výberu vzoriek v audite. Metódy výberu premenných v audite.

Guardado en:
Detalles Bibliográficos
Autor principal: Kareš, Ladislav
Otros Autores: Máziková, Katarína
Formato: Capítulo de libro
Lenguaje:eslovaco
Materias:
Etiquetas: Agregar Etiqueta
Sin Etiquetas, Sea el primero en etiquetar este registro!

MARC

LEADER 00000naa$a2200000$$$4500
001 0022715
005 20240502071414.1
041 0 |a slo 
044 |a SK 
245 1 0 |a Aplikácia štatistického prístupu a štatistických metód v audítorských postupoch  |c Ladislav Kareš, Katarína Máziková 
520 |a Pojmové vymedzenie auditu. Ciele, postupy a metódy auditu. Postup a prostriedky auditora na zabezpečenie cieľa auditu. Štatistický verzus neštatistický prístup k výberu vzorky v audite. Hlavné metódy výberu vzoriek v audite. Metódy výberu premenných v audite. 
610 2 0 |a audit 
610 2 0 |a závierka účtovná 
610 2 0 |a reporting 
610 2 0 |a metódy štatistické 
610 2 0 |a metódy účtovné 
610 2 0 |a audítori 
610 2 0 |a informácie štatistické 
610 2 0 |a odhad štatistický 
100 1 |a Kareš, Ladislav 
700 1 |a Máziková, Katarína